000 00686cab a2200205 4500
001 X10807
008 090401t1996 xxu||||| |||| 00| 0 eng d
035 _a(Sirsi) u62497
041 _aeng
245 _aWestminster CC v John Riding
260 _c1996
350 _a0
490 _aJournal of Planning and Environment Law
_v1996 JPL 666-669(4)
520 _aQBD 17 July 1995. Environmental Protection Act 1990 s87. Commercial waste. Litter. Left in road awaiting collection. Whether an offence. (Headnote)
650 _aCOMMERCIAL WASTE
650 _aENVIRONMENTAL PROTECTION ACT 1990 S87
690 _aPLANNING LAW AND PRACTICE-CASE LAW
942 _n0
948 _c04/03/1997
999 _c38827
_d38827